INSTRUMENTATION AND MEASUREMENTS FOR ELECTRONIC TECHNICIANS (Record no. 573793)

000 -LEADER
fixed length control field 00280nam a22001097a 4500
082 ## - DEWEY DECIMAL CLASSIFICATION NUMBER
Classification number 621.381548 GIL
100 ## - MAIN ENTRY--PERSONAL NAME
Personal name GILLUES,ROBERT.B
9 (RLIN) 65639
245 ## - TITLE STATEMENT
Title INSTRUMENTATION AND MEASUREMENTS FOR ELECTRONIC TECHNICIANS
260 ## - PUBLICATION, DISTRIBUTION, ETC.
Place of publication, distribution, etc. NEW YORK
Name of publisher, distributor, etc. PDF
Date of publication, distribution, etc. 1969
300 ## - PHYSICAL DESCRIPTION
Extent 266P
942 ## - ADDED ENTRY ELEMENTS (KOHA)
Koha item type Book
Holdings
Withdrawn status Lost status Damaged status Not for loan Permanent Location Current Location Shelving location Date acquired Total Checkouts Full call number Barcode Date last seen Price effective from Koha item type
        College of Electrical & Mechanical Engineering (CEME) College of Electrical & Mechanical Engineering (CEME) General Stacks 07/27/2017   621.381548 GIL CEME-26866 06/28/2021 06/28/2021 Book
© 2023 Central Library, National University of Sciences and Technology. All Rights Reserved.